| 000 | 01046ntm a2200265 a 4500 | ||
|---|---|---|---|
| 001 | 75578 | ||
| 003 | BD-RjUL | ||
| 005 | 20211209082719.0 | ||
| 008 | 190428s2017 bg a|||| bm|| 00| 0 eng d | ||
| 035 | _a(BD-RjUL)75796 | ||
| 040 |
_aBD-RjUL _beng _cBD-RjUL _dBD-RjUL |
||
| 041 | _aeng | ||
| 082 |
_223 _a305.4822 _bSUW 2017 |
||
| 100 | 1 |
_aSultana, Sharmin _9231263 |
|
| 245 | 1 | 0 |
_aWomen empowerment through Entrepreneurship: _bA Study of small and Medium Enterprises in Rajshahi City / _cSharmin Sultana ; _6Supervisor: Wardatul Akmam |
| 260 |
_aRajshahi : _bInstitute of Bangladesh Studies, R. U. , _c2017 |
||
| 300 |
_axviii, 175 leaves : _bIll. ; _c30 cm. |
||
| 502 | _aThesis (Ph. D.) -- Institute of Bangladesh Studies, R. U. , 2017 | ||
| 504 | _aBibliography: Leaves [143]-155 | ||
| 650 |
_aSmall business _zBangladesh _zRajshahi city _9231264 |
||
| 650 |
_aEntrepreneurship _zBangladesh _zRajshahi city _9231265 |
||
| 650 |
_aWomen in economic development _9231266 |
||
| 700 |
_aAkmam, Wardatul, Supervisor _9231267 |
||
| 942 |
_2ddc _cTHE |
||
| 999 |
_c75578 _d75578 |
||